| 000 | 00688nam a2200217 a 4500 | ||
|---|---|---|---|
| 005 | 20230519063617.0 | ||
| 008 | 991125s1959 mx 000 0 spa u | ||
| 035 | _aUPN01000038518 | ||
| 049 | _aCG | ||
| 050 | 4 |
_aLB1029 J6 _bA8.5 1959 |
|
| 100 | 1 |
_aAvila Garibay, José _928865 |
|
| 245 | 1 | 3 |
_aEl método de jornadas aplicado a la escuela primaria / _cJosé Avila Garibay. |
| 250 | _a3a ed. renovada | ||
| 260 |
_aMéxico : _b[SEP?], _c1959. |
||
| 300 |
_a79 p. : _bil. col. |
||
| 440 | 0 |
_aEnsayos pedagógicos ; _v11 |
|
| 500 | _aDatos tomados de la cubierta | ||
| 500 | _aTambién disponible en la Colección Medina | ||
| 650 | 4 |
_aEducación _xMetodología _912791 |
|
| 905 | _aLibro | ||
| 999 |
_c38518 _d38518 |
||